Mejor enseñanza bíblica para maestros de adultos / (Registro nro. 36426)

Detalles MARC
000 -LEADER
campo de control de longitud fija 01890cam a22004454i 4500
003 - IDENTIFICADOR DE NÚMERO DE CONTROL
campo de control PE-LiUPU
005 - FECHA Y HORA DE LA ÚLTIMA TRANSACCIÓN
campo de control 20250731173156.0
008 - DATOS DE LONGITUD FIJA--INFORMACIÓN GENERAL
campo de control de longitud fija 1979s1979 mx a rb 000 0 spa d
020 ## - NÚMERO INTERNACIONAL ESTÁNDAR DEL LIBRO
Número Internacional Estándar del Libro 0311114032
035 ## - NÚMERO DE CONTROL DEL SISTEMA
Número de control de sistema PE-LiUPU18968
040 ## - FUENTE DE CATALOGACIÓN
Centro catalogador/agencia de origen PE-LiUPU
Lengua de catalogación spa
Centro/agencia transcriptor PE-LiUPU
Normas de descripción rda
082 04 - NÚMERO DE LA CLASIFICACIÓN DECIMAL DEWEY
Número de clasificación 268.7
Cutter D632m
Número de edición 23
100 ## - ENTRADA PRINCIPAL--NOMBRE DE PERSONA
Nombre de persona Dobbins, Gaines S.,
Término indicativo de función/relación autor.
9 (RLIN) 6098
245 10 - MENCIÓN DEL TÍTULO
Título Mejor enseñanza bíblica para maestros de adultos /
Mención de responsabilidad, etc. Gaines S. Dobbins ; traducción de A. E. Corugedo Binefra ; revisión y adaptación de Nelly de González.
264 #1 - PRODUCCIÓN, PUBLICACIÓN, DISTRIBUCIÓN, FABRICACIÓN Y COPYRIGHT
Producción, publicación, distribución, fabricación y copyright El Paso, Texas :
Nombre del de productor, editor, distribuidor, fabricante Casa Bautista de Publicaciones,
Fecha de producción, publicación, distribución, fabricación o copyright 1979.
300 ## - DESCRIPCIÓN FÍSICA
Extensión 98 páginas ;
Dimensiones 21 cm.
336 ## - TIPO DE CONTENIDO
Término de tipo de contenido text
Fuente rdacontent
337 ## - TIPO DE MEDIO
Nombre/término del tipo de medio unmediated
Fuente rdamedia
338 ## - TIPO DE SOPORTE
Nombre/término del tipo de soporte volume
Fuente rdacarrier
504 ## - NOTA DE BIBLIOGRAFÍA, ETC.
Nota de bibliografía, etc. Incluye actividades de repaso y evaluación al final de cada capítulo.
505 0# - NOTA DE CONTENIDO CON FORMATO
Nota de contenido con formato Nuestros adultos incomprendidos -- Preparándose para ser adultos -- Etapas en el crecimiento de los adultos -- La responsabilidad del maestro de adultos -- Satisfaciendo las necesidades del adulto con la Biblia -- El arte del estudio de la Biblia -- El maestro preparándose para enseñar -- El maestro de adultos en acción -- Probando los resultados de la enseñanza -- Actividades para repaso y evaluación.
526 ## - NOTA DE INFORMACIÓN SOBRE EL PROGRAMA DE ESTUDIO
Nombre del programa Segunda Especialidad En Profecías Bíblicas
526 ## - NOTA DE INFORMACIÓN SOBRE EL PROGRAMA DE ESTUDIO
Nombre del programa Segunda Especialidad En Nuevo Testamento
526 ## - NOTA DE INFORMACIÓN SOBRE EL PROGRAMA DE ESTUDIO
Nombre del programa Segunda Especialidad En Antiguo Testamento
526 ## - NOTA DE INFORMACIÓN SOBRE EL PROGRAMA DE ESTUDIO
Nombre del programa Segunda Especialidad En Estudios Adventistas
526 ## - NOTA DE INFORMACIÓN SOBRE EL PROGRAMA DE ESTUDIO
Nombre del programa Doctorado en teología
526 ## - NOTA DE INFORMACIÓN SOBRE EL PROGRAMA DE ESTUDIO
Nombre del programa Maestría en teología histórica
526 ## - NOTA DE INFORMACIÓN SOBRE EL PROGRAMA DE ESTUDIO
Nombre del programa Maestría en teología bíblica
526 ## - NOTA DE INFORMACIÓN SOBRE EL PROGRAMA DE ESTUDIO
Nombre del programa Maestría en teología
526 ## - NOTA DE INFORMACIÓN SOBRE EL PROGRAMA DE ESTUDIO
Nombre del programa Maestría en misionología
526 ## - NOTA DE INFORMACIÓN SOBRE EL PROGRAMA DE ESTUDIO
Nombre del programa Maestría en liderazgo eclesiástico
526 ## - NOTA DE INFORMACIÓN SOBRE EL PROGRAMA DE ESTUDIO
Nombre del programa Teología
650 10 - PUNTO DE ACCESO ADICIONAL DE MATERIA--TÉRMINO DE MATERIA
Término de materia o nombre geográfico como elemento de entrada Educación cristiana de adultos.
9 (RLIN) 6279
650 10 - PUNTO DE ACCESO ADICIONAL DE MATERIA--TÉRMINO DE MATERIA
Término de materia o nombre geográfico como elemento de entrada Enseñanza bíblica
Subdivisión general Métodos de instrucción.
9 (RLIN) 6280
700 ## - ENTRADA AGREGADA--NOMBRE PERSONAL
Nombre de persona Corugedo Binefra, A. E.
Término indicativo de función/relación traductor.
9 (RLIN) 6277
700 ## - ENTRADA AGREGADA--NOMBRE PERSONAL
Nombre de persona De González, Nelly,
Término indicativo de función/relación revisión.
-- adaptación.
9 (RLIN) 6278
942 ## - ELEMENTOS DE ENTRADA SECUNDARIOS (KOHA)
Fuente del sistema de clasificación o colocación Clasificación Decimal Dewey
Tipo de ítem Koha Libros electrónicos
980 ## - EQUIVALENCIA O REFERENCIA-CRUZADA-MENCIÓN DE SERIE--NOMBRE DE PERSONA/TÍTULO [LOCAL, CANADÁ]
ID del último usuario que modificó el registro 1
Nombre del último usuario que modificó el registro ALBERTO SANCHEZ Responsable de Automatización
Existencias
Visto por última vez Número de inventario Total de préstamos Signatura topográfica completa Código de barras Copia número Fecha de reemplazo Facultad Tipo de ítem Koha Nota pública Estado de pérdida Fuente del sistema de clasificación o colocación Restricciones de uso No para préstamo Colección Programa académico Biblioteca de origen Biblioteca actual Ubicación en estantería Fecha de adquisición Fuente de adquisición Fecha del último préstamo
2025-12-02 6   268.7 D632m 18968 e1 2015-06-24 Teología Libros físicos inventario-2023-12-13 No Perdido Clasificación Decimal Dewey No restringido Disponible para préstamos Colección General Maestría en teología bíblica Biblioteca CRAI UPeU Lima Biblioteca CRAI UPeU Lima Sala principal 2015-06-24 COMPRA  
2025-12-02 6 1 268.7 D632m 28835 e2 2015-06-24 Teología Libros físicos inventario-2023-12-13 No Perdido Clasificación Decimal Dewey No restringido Disponible para préstamos Colección General Maestría en teología bíblica Biblioteca CRAI UPeU Lima Biblioteca CRAI UPeU Lima Sala principal 2015-06-24 COMPRA 2023-04-05